Todos os monarcas da Grã-Bretanha - Statistics

Estatísticas Gerais
  • Esse quiz foi jogado 54 vezes
  • A pontuação média é 9 de 12
Estatísticas das Respostas
Dica Resposta % Correto
2022-Presente Charles III
89%
1952-2022 Isabel II
80%
1837-1901 Vitoria
80%
1714-1727 Jorge I
75%
1727-1760 Jorge II
75%
1760-1820 Jorge III
75%
1820-1830 Jorge IV
75%
1910-1936 Jorge V
75%
1936-1952 Jorge VI
75%
1901-1910 Eduardo VII
66%
1707-1714 Ana
57%
1830-1837 Guilherme IV
52%
Nenhum quiz correspondente encontrado
Distribuição das Pontuações
Porcentagem de Pessoas com Cada Pontuação
Percentil de Números Respondidos
Sua Pontuação Histórica
Você não jogou esse quiz